ห้องสมุด วิทยาลัยพยาบาลบรมราชชนนี อุดรธานี Boromarajonani College of Nursing, Udonthani
mysqli: Table './ulib2015/stat_globaluid' is marked as crashed and last (automatic?) repair failed select id from stat_globaluid where statuid='20260418211700_859' mysqli: Table './ulib2015/stat_globaluid' is marked as crashed and last (automatic?) repair failed DELETE FROM stat_globaluid
WHERE id NOT IN (
SELECT id
FROM (
SELECT id
FROM stat_globaluid
ORDER BY id DESC
LIMIT 100
) foo
); mysqli: Table './ulib2015/stat_globaluid' is marked as crashed and last (automatic?) repair failed insert into stat_globaluid set
statuid='20260418211700_859',
dt='1776521820',
phpself='/ULIB/dublinfull.php',
agent='Mozilla/5.0 AppleWebKit/537.36 (KHTML, like Gecko; compatible; ClaudeBot/1.0; +claudebot@anthropic.com)',
yea='2026',
mon='4',
dat='18',
ip='216.73.216.142'
LEADER 00674nam 2200229 a 4500
001 12845
003 ULIBM
008 181011s2538 th m a001 0 tha d
020 ^a974-796-066-4
050 4 ^aWC100^bป247ส 2538
245 10 ^aสถานการณ์ การดำเนินงานป้องกันและควบคุมโรคติดต่อ ปัญหาอุปสรรค และแนวทางแก้ไข/^cประชุมพร สุวรรณะชฎ
250 ^aพิมพ์ครั้งที่ 1.
260 ^aกรุงเทพฯ:^bโรงพิมพ์องค์การสงเคราะห์ทหารผ่านศึก,^c2538
300 ^a 125 หน้า.
650 7 ^aการป้องกัน--แนวทางแก้ไข
700 0 ^aโรคติดต่อ
945 ^p0^l0^i11951
999 ^aลิขิตลักษณ์
คุณยังไม่ได้ล็อกอิน คุณสามารถมีกิจกรรมร่วมกับเว็บไซต์ได้ แต่ต้องล็อกอินก่อน ::
ลำดับที่
ประเภท
เลขเรียก /บาร์โค้ด
สถานที่
สถานะ
1.
หนังสือการพยาบาล WC100 ป247ส 2538 Barcode: 11951 หนังสือทั่วไป On Shelf [แสดง 1/1 รายการ]
mysqli: Can't create/write to file '/var/tmp/#sql_59d_0.MAI' (Errcode: 2) select * from index_db where titl like '%สถานการณ์ การดำเนินงานป้องกันและควบคุมโรคติดต่อ ปัญหาอุปสรรค และแนวทางแก้ไข/ ประชุมพร สุวรรณะชฎ%' and mid<>'12845' order by rand() limit 3 mysqli: Can't create/write to file '/var/tmp/#sql_59d_0.MAI' (Errcode: 2) select * from index_db where subj like '%การป้องกัน--แนวทางแก้ไข%' and mid<>'12845' order by rand() limit 3
ยังไม่เคยถูกคอมเมนท์
คอมเมนท์ทรัพยากรรายการนี้
JavaScript must be enabled in order for you to use Google Maps.
However, it seems JavaScript is either disabled or not supported by your browser.
To view Google Maps, enable JavaScript by changing your browser options, and then
try again.